000
00508nam a2200181Ia 4500
008
090123s9999 xx 000 0 und d
082
_b
39383
100
_a
परांडे उषा
245
_a
रानभूल
250
_a
1
260
_b
नंदादीप बुक सर्व्हिस
_c
2006
300
_a
184
600
_a
परांडे उषा
630
_a
रानभूल
700
_a
परांडे उषा
730
_a
रानभूल
942
_c
BOOK
999
_c
77453
_d
77453